| 000 | 00600nam a2200205Ia 4500 | ||
|---|---|---|---|
| 005 | 20250508165125.0 | ||
| 008 | 008 250505s9999 xx 000 0 eng d | ||
| 020 | _a81-88794-56-2 | ||
| 037 | _aTextual | ||
| 040 |
_aFEDL _beng _cFEDL |
||
| 041 |
_aeng _2eng |
||
| 084 |
_a294.5, ILA _qFEDL |
||
| 100 | _aIlaiah Kancha | ||
| 245 | 0 | _aPost-hindu India: A discourse on dalit-bahujan, socio- spiritual and scientific revolution | |
| 260 |
_aNew Delhi, India _bSage _c2009 |
||
| 300 | _axxvi,302p. | ||
| 365 |
_aINR _b295 |
||
| 942 |
_cTEXL _h294.5, ILA |
||
| 999 |
_c1393279 _d1393279 |
||